| 000 | 02184nam a22001697a 4500 | ||
|---|---|---|---|
| 003 | NUST | ||
| 082 | _a621.382,IQB | ||
| 100 |
_aIqbal, Howaiz _9126115 |
||
| 245 |
_aA Transparent MIMO Antenna For Modern 5G/IOT Communication Devices / _cHowaiz Iqbal, Noman Ali, Abdul Moiz, Muzamil Hussain. |
||
| 260 |
_aMCS, NUST _bRawalpindi _c2024 |
||
| 300 | _a70 p | ||
| 505 | _aThe development of the IoTs and the 5G technologies, it becomes vital for inventing flexible solutions of the commercial wireless communication networks and new antenna techniques which can address these modern requirements. In this work, we present a new process whereby a Multiple-Input Multiple-Output (MIMO) antenna transparent in the system below is proposed for 5G and IoT technology. For example, current communication infrastructure and; deceptively concealed by using transparent substrate the antenna is seamlessly incorporated into the transparent interfaces. It is important to find out the best way to design the antenna, size of the antenna and its elements, radiation characteristics of the antenna, and TARC that can help bring in reliable coverage and dependable connectivity as well as maximum data rate. The low frequency shift and the realia tuning are finally investigated experimentally by means of real 5G and IoT scenarios specifically designed using the full-wave MIMO antenna. The ability of the antenna to support fast data rates, as well as sustaining network connections, is analyzed thoroughly through extensive indoor and outdoor environments. According to the results, the transparent MIMO antenna has a number of benefits for current 5G and Internet of Things communication equipment, including better spectral efficiency, higher spatial multiplexing, and seamless integration into transparent surfaces without sacrificing functionality. Because the antenna is transparent, there are more opportunities to incorporate wireless communication into wearable technology, smart windows, automobile applications, and Internet of Things sensors. | ||
| 650 |
_aUG EE Project _9118090 |
||
| 651 |
_aBEE-57 _9125983 |
||
| 700 |
_aSupervisor Dr. Maryam Rasool _9118303 |
||
| 942 |
_2ddc _cPR |
||
| 999 |
_c611872 _d611872 |
||